| 000 | 00506nam a2200181Ia 4500 | ||
|---|---|---|---|
| 005 | 20250508163808.0 | ||
| 008 | 008 250505s9999 xx 000 0 eng d | ||
| 037 | _aTextual | ||
| 040 |
_aFEDL _beng _cFEDL |
||
| 041 |
_aeng _2eng |
||
| 084 |
_a530, NEW _qFEDL |
||
| 100 |
_aNewton Roger G _9505666 |
||
| 245 | 0 | _aWhat makes nature tick? | |
| 260 |
_aHyderabad, India _bUniversities Press (India) Limited _c1993 |
||
| 300 | _a257p. | ||
| 942 |
_cTEXL _h530, NEW |
||
| 999 |
_c1385297 _d1385297 |
||